000
00340nam a2200133Ia 4500
008
190722s9999 xx 000 0 und d
020
_a
978-1-319-10824-3
100
_a
David L.Nelson
245
0
_a
Lehninger Principles of Biochemistry
250
_a
7th
260
_a
USA
_b
Macmillan Learning
_c
2017
300
_a
1172 Index
942
_c
BK
999
_c
1186
_d
1186